| 000 | 00730nam a2200229 a 4500 | ||
|---|---|---|---|
| 999 |
_c330600 _d330600 |
||
| 001 | 1002947 | ||
| 003 | NUST | ||
| 005 | 20170725101118.0 | ||
| 008 | 871123s1985 pk 000 1 urdo | ||
| 010 | _a 86930365 | ||
| 020 |
_cRs60.00 _a9789693502589 |
||
| 040 |
_aDLC _cDLC _dDLC |
||
| 043 | _aa-pk--- | ||
| 050 | 0 | 0 |
_aPK2200.T298 _bH86 1985 |
| 082 |
_a910.4 _bHUS |
||
| 100 | 1 |
_aTāraṛ, Mustanṣir Ḥusain. _9369 |
|
| 245 | 1 | 0 |
_aHunzah dāstān / _cMustanṣir Ḥusain Tāraṛ. |
| 260 |
_aLāhore : _bSang-i Mīl Pablīkeshanz, _c2012. |
||
| 300 |
_a295 p. ; _c22 cm. |
||
| 500 | _aIn Urdu. | ||
| 651 | 0 |
_aHunza (Pakistan) _xDescription and travel _xFiction. _93564 |
|
| 880 |
_6100-01\(3\r _aمستنصر حسین تارڑ |
||
| 880 |
_6245-02\(3\r _aہنزہ داستان _cمستنصر حسین تارڑ |
||
| 880 |
_6260-03\(3\r _aلاہور: _bسنگ میل پبلی کیشنز، _c2012 |
||
| 906 |
_a7 _bcbc _corignew _d4 _encip _f19 _gy-gencatlg |
||
| 942 |
_2ddc _cBK |
||